01007nam a22002177a 4500003000900000008004100009040007100050082002100121245014800142260003000290300002800320440010500348505014400453650002000597650002000617650001500637650002100652700002900673710003200702710005500734AR-CdUCM190425b ||||| |||| 00| 0 spa d aMUNICIPALIDAD PROVINCIAL DEL CUSCOcBIBLIOTECA MUNICIPAL DEL CUSCO aSitua/N°15/1999 aSitua :bRevista semestral de la Facultad de Medicina Humana /cFacultad de Medicina Humana, Universidad Nacional de San Antonio Abad del Cusco aCusco :b[UNSAAC],c1999. a67 páginas. :c31 cm. aSitua revista semestral de la Facultad de Medicina Humana.nAño,8, N° 15, setiembre-febrero 1999. aContenido: Frecuencia del cáncer colorrectal en el Hospital Regional del Cusco en los años 1996,1997 y 1998. Evelyn Valencia Becerra... aMedicina humana aSalud pública aHospitales aCentros de Salud aValencia Becerra, Evelyn aFacultad de Medicina Humana aUniversidad Nacional de San Antonio Abad del Cusco